00784nam a2200253 a 4500001001300000003000900013005001700022008004100039020001100080082001700091100002300108245008000131260003800211300000900249500003500258505001500293650002400308700002300332700002300355902000800378942000700386952012000393999001700513nice12345678IN_TiNIC20260116013857.0050524s1996 newa grp 000 0 eng  ac198200a361.763bFET aFetterman, Davod M aEmpowerment Evaluation, Knowledge and Tools for Self-Assessment & Accountab aNew Delhibsage publicationc1996 a411p aincludes index and biblioraphy2 aConclusion aSocial-Service-ngos1 aKaftarian Shakeh J1 aWandersman Abraham bSRS cBK 001040708StackRoom-aHMIbHMId2007-06-05g1982.00l0o361.763 FETp019964r2007-06-05v1982.00w2005-05-24yBK c12923d12923